[Event "Floripa Chess Open 2024"]
[Site "Florianopolis"]
[Date "2024.01.22"]
[Round "4.190"]
[White "Rahn, Marlon Cristiano"]
[Black "Gomes, Genildo De Souza"]
[Result "0-1"]
[WhiteElo "1295"]
[BlackElo "1560"]
[PlyCount "114"]
[EventDate "2024.01.20"]
[EventRounds "10"]
[EventCountry "BRA"]

1. c4 e6 2. g3 Nf6 3. Bg2 c5 4. Nf3 Nc6 5. d3 d5 6. cxd5 Nxd5 7. Nc3 g6 8. O-O
Bg7 9. Bd2 O-O 10. Rb1 ({RR} 10. h4 b6 11. h5 Bb7 12. h6 Nxc3 13. bxc3 Bf6 14.
Qa4 Ne7 15. Rfd1 Bc6 16. Qg4 Qd7 17. Rac1 Rad8 18. Bg5 Bxf3 19. Bxf3 Bxg5 20.
Qxg5 f6 21. Qg4 Nf5 22. Qh3 Kf7 23. e4 Nd6 24. d4 Qc7 {Aravindh,C (2607)
-Kramnik,V (2753) chess.com INT 2023 1-0 (60)}) 10... Rb8 ({RR} 10... b6 11. a3
Bb7 12. Nxd5 exd5 13. b4 c4 14. Qc2 b5 15. Be3 Re8 16. Bc5 Qf6 17. Rfe1 Rad8
18. a4 a6 19. axb5 axb5 20. Rbd1 Qc3 21. Qb1 h6 22. e4 dxe4 23. dxe4 Ne5 24.
Rxd8 Rxd8 25. Nxe5 {Ferey,A (2181)-Chen,J (2333) chess.com INT 2023 0-1 (45)})
11. a3 b5 $146 ({RR} 11... b6 12. Qc2 Bb7 13. e4 Nde7 14. Be3 Nd4 15. Bxd4 Bxd4
16. Nxd4 Qxd4 17. Ne2 Qd7 18. Rfd1 Nc6 19. Qc3 Rfd8 20. Rd2 Nd4 21. Nxd4 Qxd4
22. Qxd4 Rxd4 23. b3 Rbd8 24. Rbd1 b5 25. Kf1 c4 26. bxc4 {Mokryk,R (1703)
-Kucera,J (1816) Prague 2015 0-1 (68)}) 12. Nxd5 exd5 13. b4 c4 14. dxc4 bxc4
15. Rc1 Be6 16. e3 Bb2 17. Ra1 Bxa1 18. Qxa1 a5 19. Rb1 axb4 20. axb4 Rb5 21.
Bc3 f6 22. Nd2 Ne5 23. Bxe5 fxe5 24. Qxe5 Qf6 25. Qxf6 Rxf6 26. Nf3 Bf5 27. Nd4
Bxb1 28. Nxb5 Be4 29. Bxe4 dxe4 30. Nc3 Re6 31. Kg2 Kg7 32. b5 Kf6 33. b6 Ke5
34. Na4 Kd6 35. b7 Re8 36. Nc3 Kc7 37. f3 exf3+ 38. Kxf3 Kxb7 39. e4 Kc6 40.
Kf4 h6 41. h4 Kc5 42. Ke3 Kb4 43. Nd5+ Kb3 44. Kd4 Rd8 45. Ke3 c3 46. Nxc3 Kxc3
47. e5 Re8 48. Ke4 Kc4 49. g4 Rd8 50. e6 Rd6 51. Ke5 Rd8 52. Kf6 Kd5 53. e7 Re8
54. Kxg6 Rxe7 55. Kxh6 Rf7 56. h5 Rf6+ 57. Kh7 Ke6 0-1

[Event "Floripa Chess Open 2024"]
[Site "Florianopolis"]
[Date "2024.01.22"]
[Round "4.191"]
[White "Vieira, Luiza Lessing"]
[Black "Nazario Sebastiao, Mariani"]
[Result "1/2-1/2"]
[WhiteElo "1239"]
[BlackElo "1530"]
[PlyCount "91"]
[EventDate "2024.01.20"]
[EventRounds "10"]
[EventCountry "BRA"]

1. d4 Nf6 2. c4 e6 3. Nc3 d5 4. cxd5 Nxd5 5. e4 Nxc3 6. bxc3 c5 7. Nf3 b6 8.
Bb5+ Bd7 9. Bxd7+ Nxd7 10. O-O Be7 11. d5 Bf6 $146 ({RR} 11... exd5 12. exd5
O-O 13. c4 Bf6 14. Rb1 Ne5 15. Nxe5 Bxe5 16. Bb2 Re8 17. Re1 Qd6 18. h3 Rad8
19. a4 h6 20. Re2 Bxb2 21. Rbxb2 Rxe2 22. Rxe2 Qd7 23. Qc2 Re8 24. Rxe8+ Qxe8
25. g3 Qe5 26. Kg2 {Ditmas,H (1912)-Paulsen,H (1605) Hamburg 2013 1-0 (48)})
12. Qb3 e5 13. Bb2 O-O 14. c4 g6 15. Rfe1 Bg7 16. Rad1 f5 17. exf5 Rxf5 18. Re2
Qf6 19. Rde1 Qd6 20. Qa4 e4 21. Nh4 Rh5 22. g3 Bxb2 23. Rxb2 Nf6 24. Rd2 Qe5
25. Rde2 Qg5 26. Ng2 Qh6 27. h4 g5 28. Qc6 Re8 29. Qc7 gxh4 30. Nxh4 Rxh4 31.
gxh4 Kh8 32. Qh2 Rg8+ 33. Kf1 Rg4 34. Qb8+ Kg7 35. Qc7+ Kg6 36. Re3 Qxh4 37.
Rg3 Qh5 38. Rxg4+ Nxg4 39. Qg3 Kf5 40. Kg2 Nf6 41. Rh1 Qg6 42. Qxg6+ Kxg6 43.
Rd1 Kf5 44. Kf1 h5 45. Kg2 Ke5 46. Kg3 1/2-1/2

[Event "Floripa Chess Open 2024"]
[Site "Florianopolis"]
[Date "2024.01.22"]
[Round "4.192"]
[White "De Carvalho, Amauri"]
[Black "Santiago, Mauro"]
[Result "0-1"]
[WhiteElo "1238"]
[BlackElo "1516"]
[PlyCount "100"]
[EventDate "2024.01.20"]
[EventRounds "10"]
[EventCountry "BRA"]

1. Nf3 d5 2. d4 e6 3. Bf4 Nf6 4. e3 Bd6 5. Bg5 Nbd7 6. c4 c6 7. c5 ({RR} 7. Nc3
Qa5 8. c5 Bb8 9. Nd2 e5 10. Be2 Qc7 11. b4 Nf8 12. Nb3 Ng6 13. Qc2 Qe7 14.
O-O-O h6 15. Bxf6 Qxf6 16. g3 exd4 17. exd4 O-O 18. Bd3 Bc7 19. f4 a5 20. bxa5
Bxa5 21. Nxa5 Rxa5 {Braga,F (2455)-Van Riemsdijk,H (2395) Buenos Aires 1997
0-1 (35)}) ({RR} 7. Nc3 O-O 8. cxd5 exd5 9. Bd3 Re8 10. O-O Nf8 11. Re1 h6 12.
Bh4 Be7 13. Ne5 Ne4 14. Bxe7 Qxe7 15. Rc1 f6 16. Nxe4 dxe4 17. Bc4+ Kh7 18. Nf7
Be6 19. Qb3 Qxf7 20. Bxe6 Nxe6 21. d5 cxd5 {Rezaei Heris,H (1624)-Ptacnikova,L
(2107) Reykjavik ISL 2021 0-1 (32)}) 7... Be7 8. b4 $146 ({RR} 8. Nbd2 h6 9.
Bf4 O-O 10. Bd3 b6 11. b4 a5 12. a3 Re8 13. O-O Nh5 14. Be5 Ba6 15. Bxa6 Rxa6
16. h3 Qa8 17. Bc7 Rc8 18. cxb6 Nxb6 19. Bxb6 Rxb6 20. Ne5 Nf6 21. bxa5 Qxa5
22. Ndc4 dxc4 {Nansubuga,G (1415)-Demchenko,S (2134) Batumi GEO 2018 1/2-1/2  
(82)}) ({RR} 8. Bd3 h6 9. Bf4 b6 10. b4 a5 11. Qb3 axb4 12. Qxb4 bxc5 13. dxc5
Bxc5 14. Qb3 Qa5+ 15. Nfd2 Bb4 16. Qc2 e5 17. Bg3 c5 18. O-O c4 19. Be2 O-O 20.
a3 Bd6 21. Rd1 Qc7 22. Nc3 Ba6 {Wonner,S (1598)-Suescun,M (1554) Saint Paul
Trois Chateaux 2013 0-1 (60)}) 8... Ne4 9. Bxe7 Qxe7 10. Bd3 e5 11. Qc2 exd4
12. Nxd4 Ndf6 13. O-O O-O 14. Nd2 Nxd2 15. Qxd2 Ne4 16. Qc2 f5 17. Rfe1 Qf6 18.
f3 Ng5 19. f4 Ne4 20. Nf3 Be6 21. Ne5 g5 22. Bxe4 fxe4 23. g3 gxf4 24. exf4 Kh8
25. Kh1 Rg8 26. Qe2 Qh6 27. f5 Qg7 28. Ng6+ hxg6 29. fxe6 Qf6 30. Qg4 Rae8 31.
Rf1 Qxe6 32. Qh4+ Kg7 33. Rf4 Rh8 34. Qg5 Rh5 35. Qg4 Qxg4 36. Rxg4 Rf5 37. Kg1
Ref8 38. a4 Rf2 39. Rf4 R2xf4 40. gxf4 Rxf4 41. Rf1 Rxf1+ 42. Kxf1 a6 43. Ke2
Kf6 44. Ke3 g5 45. a5 Kf5 46. Kd4 Kf4 47. Kc3 Kf3 48. Kd4 e3 49. Ke5 e2 50. Ke6
e1=Q+ 0-1

[Event "Floripa Chess Open 2024"]
[Site "Florianopolis"]
[Date "2024.01.22"]
[Round "4.193"]
[White "Pereira, Francisco Neris"]
[Black "Santos, Caua Lopes"]
[Result "1/2-1/2"]
[WhiteElo "1474"]
[BlackElo "1290"]
[PlyCount "79"]
[EventDate "2024.01.20"]
[EventRounds "10"]
[EventCountry "BRA"]

1. e4 e6 2. d4 d5 3. exd5 exd5 4. Bd3 Nc6 5. Nf3 Bg4 6. c3 Nf6 7. Bg5 Be7 8.
O-O O-O 9. Nbd2 h6 10. Bh4 Nh5 $146 ({RR} 10... Re8 11. Re1 Nd7 12. Bxe7 Rxe7
13. Qc2 Nf6 14. Rxe7 Qxe7 15. Re1 Qd7 16. Ne5 Qe7 17. Qb1 Nxe5 18. Rxe5 Qd7 19.
h3 Be6 20. Bf5 Qd6 21. Nb3 b6 22. Nc1 c5 23. Ne2 cxd4 24. cxd4 Bxf5 25. Qxf5 {
Wolkow,M-Schuette,T Bergneustadt 1999 1-0 (50)}) ({RR} 10... Bxf3 11. Nxf3 Ne4
12. Bxe7 Nxe7 13. Qc2 Nf6 14. Rfe1 Qd6 15. h3 Rfe8 16. Nh4 Nc6 17. Rxe8+ Rxe8
18. Nf5 Qe6 19. b3 Ne7 20. c4 Nh5 21. cxd5 Qxd5 22. Nxe7+ Rxe7 23. Qd2 Qxd4 24.
Bh7+ Kxh7 25. Qxd4 {Weissbrot,E (937)-Edel,F (879) Verden/Aller 2008 1-0}) 11.
h3 Bxf3 12. Qxf3 Bxh4 13. Qxh5 g6 14. Qd1 Bf6 15. Nf3 Na5 16. b3 c5 17. Rc1
cxd4 18. cxd4 Nc6 19. Bb1 Qb6 20. Ne5 Nxe5 21. dxe5 Bxe5 22. Qxd5 Bb2 23. Rcd1
Rad8 24. Qc4 Bg7 25. Rxd8 Rxd8 26. Qg4 Rd2 27. Qe4 Rd8 28. Bd3 Bd4 29. Bc4 Kg7
30. Bd5 Qc5 31. Bxb7 Bxf2+ 32. Kh1 Bd4 33. Qf3 Qe7 34. Bd5 Qf6 35. Qe2 Qb6 36.
Rxf7+ Kh8 37. Qf3 Qc5 38. Qf4 g5 39. Qf5 Qc1+ 40. Kh2 1/2-1/2

[Event "Floripa Chess Open 2024"]
[Site "Florianopolis"]
[Date "2024.01.22"]
[Round "4.194"]
[White "Philippi, Enzo Grotto"]
[Black "Goncalves, Maria Talissa Neves"]
[Result "1-0"]
[WhiteElo "1471"]
[BlackElo "1224"]
[PlyCount "89"]
[EventDate "2024.01.20"]
[EventRounds "10"]
[EventCountry "BRA"]

1. e4 e5 2. Nf3 Nc6 3. d4 exd4 4. Nxd4 d6 5. Nc3 a6 ({RR} 5... Nge7 6. Be3 Ng6
7. Nd5 Bd7 8. Qd2 Nce7 9. Bc4 Nc8 10. f4 c6 11. Nc3 Be7 12. Bb3 O-O 13. O-O Kh8
14. Rad1 Nb6 15. Nf5 Bxf5 16. exf5 Nh4 17. Qd3 d5 18. g3 d4 19. Bxd4 c5 20. f6
{Rublevsky,S (2515)-Ragozin,E (2510) Paris 1993 1-0 (51)}) ({RR} 5... Be7 6.
Nxc6 bxc6 7. Bd3 Nf6 8. O-O Rb8 9. h3 O-O 10. f4 Nd7 11. Kh1 Nc5 12. Qf3 Nxd3
13. cxd3 Bf6 14. Qf2 Ba6 15. Rd1 c5 16. Be3 Bb7 17. Rac1 Re8 18. Kh2 Bc6 19. b3
a5 20. e5 {Perske,P (2085)-Baladjaev,E (1967) Wiesbaden GER 2023 1/2-1/2 (49)})
6. Bc4 Nf6 7. O-O Be7 8. Re1 $146 ({RR} 8. h3 Ne5 9. Qe2 O-O 10. f4 Nxc4 11.
Qxc4 Nxe4 12. Nxe4 d5 13. Qd3 dxe4 14. Qxe4 Bc5 15. c3 Re8 16. Qd3 Bd7 17. Qg3
Bc6 18. Be3 Be4 19. Rad1 Qe7 20. Rfe1 Rad8 21. Bf2 Qf6 22. Qg4 Qb6 {Marx,
D-Rudak,B Germany 1997 1-0 (44)}) 8... O-O 9. Nxc6 bxc6 10. Bf4 Bb7 11. Qe2 Re8
12. Rad1 Nd7 13. a3 Bf6 14. Qd2 Ne5 15. Ba2 Ng6 16. Bg3 Bxc3 17. Qxc3 Qe7 18.
f3 Rad8 19. b4 Qf6 20. Qxf6 gxf6 21. c4 Ne5 22. Rd2 Rd7 23. Red1 Red8 24. h4 c5
25. bxc5 dxc5 26. Rxd7 Rxd7 27. Rxd7 Nxd7 28. Bxc7 Kg7 29. Bd6 Kg6 30. g4 h5
31. Bb1 Ne5 32. Bxe5 fxe5 33. Kf2 a5 34. Kg3 Ba6 35. Bd3 Bc8 36. g5 Be6 37. f4
exf4+ 38. Kxf4 f6 39. gxf6 Kxf6 40. e5+ Kf7 41. Kg5 Kg7 42. Kxh5 Bf7+ 43. Kg5
Be6 44. h5 Kh8 45. Kf6 1-0

[Event "Floripa Chess Open 2024"]
[Site "Florianopolis"]
[Date "2024.01.22"]
[Round "4.195"]
[White "Cardozo, Camila"]
[Black "De Abreu, Wiliam"]
[Result "1-0"]
[WhiteElo "1426"]
[BlackElo "1197"]
[PlyCount "65"]
[EventDate "2024.01.20"]
[EventRounds "10"]
[EventCountry "BRA"]

1. d4 Nf6 2. Nf3 g6 3. c4 Bg7 4. Nc3 d6 5. e4 O-O 6. Be2 c5 7. d5 Na6 8. O-O
Nc7 9. Qc2 e6 ({RR} 9... Bg4 10. Bf4 e5 11. Be3 Nh5 12. Nd2 Bxe2 13. Nxe2 f5
14. f3 Qh4 15. a3 Rf7 16. b4 b6 17. bxc5 dxc5 18. Rab1 Ne8 19. a4 Nd6 20. a5
Rb7 21. Rb3 Nf6 22. Bf2 Qh6 23. Nc3 Qg5 24. Nb5 {Gerber,R (2370)-Hickl,J (2500)
Biel 1988 0-1 (52)}) ({RR} 9... Rb8 10. h3 Bd7 11. a4 a6 12. a5 b5 13. axb6
Rxb6 14. Be3 Qb8 15. Ra2 Qb7 16. Bd3 Rb8 17. e5 Nfe8 18. Rb1 a5 19. Ne4 a4 20.
Nxc5 dxc5 21. Bxc5 Rb3 22. Bxe7 Rxd3 23. Qxd3 Bf5 24. Qd1 {Klein,F (2288)
-Goncalves,J (2057) Belgium BEL 2022 1/2-1/2 (56)}) 10. a4 a6 11. a5 $146 ({RR
} 11. Nd2 Rb8 12. f3 exd5 13. cxd5 b5 14. axb5 axb5 15. Nb3 Bd7 16. Bf4 b4 17.
Nd1 Nb5 18. Bc4 Nh5 19. Be3 f5 20. exf5 Bxf5 21. Bd3 Bxd3 22. Qxd3 Nf4 23. Qd2
Qg5 24. Kh1 Qxd5 25. Bxf4 Qxb3 {Fekete,K (2123)-Kaposztas,M (2242) Ajka 2005
0-1 (47)}) 11... Rb8 12. Na4 exd5 13. cxd5 Nd7 14. Bg5 f6 15. Bd2 Nb5 16. Nc3
Nxc3 17. Bxc3 Ne5 18. Nd2 Qc7 19. f4 Bg4 20. Bxg4 Nxg4 21. Nc4 Rbe8 22. h3 Nh6
23. Rae1 Nf7 24. Qb3 Kh8 25. h4 f5 26. Bxg7+ Kxg7 27. Qc3+ Kg8 28. e5 Qb8 29.
e6 Nh6 30. Nb6 Ng4 31. Nd7 Qc7 32. Nxf8 Rxf8 33. Re2 1-0

[Event "Floripa Chess Open 2024"]
[Site "Florianopolis"]
[Date "2024.01.22"]
[Round "4.196"]
[White "Leith Acosta, Marcelo Alejandro"]
[Black "Goncalves, Eduardo Moutinho"]
[Result "0-1"]
[WhiteElo "1110"]
[BlackElo "1414"]
[PlyCount "33"]
[EventDate "2024.01.20"]
[EventRounds "10"]
[EventCountry "BRA"]

1. d4 Nf6 2. Bf4 g6 3. Nf3 d6 4. e3 Bg7 5. Be2 O-O 6. h3 b6 7. O-O Bb7 8. c3
Nbd7 9. Nbd2 Ne4 10. Nxe4 ({RR} 10. a4 a6 11. Nxe4 Bxe4 12. Nd2 Bb7 13. Bh2 e5
14. Bf3 Qc8 15. Qb3 Kh8 16. Bd5 f5 17. Nf3 Bxd5 18. Qxd5 Nf6 19. Qc4 e4 20. Nd2
Qd7 21. Rfd1 g5 22. Qe2 Rg8 23. Nf1 Bh6 24. Be5 Qf7 {Yuffa,D (2594)-Demchenko,
A (2641) PlayChess INT 2020 0-1 (40)}) 10... Bxe4 11. Re1 $146 ({RR} 11. Nd2
Bb7 12. Bf3 Qc8 13. Bxb7 Qxb7 14. Qf3 Qxf3 15. Nxf3 e5 16. dxe5 Nxe5 17. Nxe5
Bxe5 18. Bxe5 dxe5 19. Rfd1 Rfd8 20. Kf1 Kf8 21. Ke2 Ke7 22. e4 c6 23. b3 Rxd1
24. Rxd1 Rd8 25. Rxd8 Kxd8 {Prameshuber,A-Bhend,E Kecskemet 1964 1/2-1/2}) ({RR
} 11. Nd2 Bb7 12. Bf3 Qb8 13. a4 a5 14. Re1 e5 15. dxe5 dxe5 16. Bg3 Nc5 17.
Bxb7 Qxb7 18. Qc2 Rad8 19. Nc4 e4 20. Rad1 Rd3 21. Ne5 Bxe5 22. Bxe5 Rfd8 23.
Bd4 Rxd1 24. Rxd1 Nd3 25. f3 f5 {De Lima,V (1952)-Rios Escobar,A (2234) chess.
com INT 2023 1-0 (35)}) ({RR} 11. Nd2 Bb7 12. Bf3 Bxf3 13. Nxf3 e6 14. Qa4 Nf6
15. Rfd1 Qd7 16. Qa6 Qc8 17. Qe2 d5 18. Rac1 Ne4 19. Qb5 c6 20. Qa4 b5 21. Qa5
Qb7 22. Ne1 g5 23. Bh2 Rfc8 24. f3 Nf6 25. Nd3 Nd7 {Santandreu Gregori,D (1890)
-Cortes Ruiz,J (1892) Mislata 2012 0-1 (77)}) 11... e5 12. dxe5 dxe5 13. Bh2
Qe7 14. Bb5 Rad8 15. Be2 Nc5 16. Qc1 Bxf3 17. Bxf3 0-1

[Event "Floripa Chess Open 2024"]
[Site "Florianopolis"]
[Date "2024.01.22"]
[Round "4.197"]
[White "Assis, Caio Bentivenha"]
[Black "Arosteguy, Vitor Augusto Colac"]
[Result "0-1"]
[WhiteElo "1800"]
[BlackElo "1385"]
[PlyCount "80"]
[EventDate "2024.01.20"]
[EventRounds "10"]
[EventCountry "BRA"]

1. e4 e5 2. Nf3 Nc6 3. Bb5 Nf6 4. Qe2 d6 5. c3 a6 6. Ba4 b5 7. Bb3 Bb7 ({RR} 
7... Na5 8. Bc2 c5 9. a4 b4 10. O-O b3 11. Bd1 c4 12. d3 cxd3 13. Qxd3 Be6 14.
Na3 Qc7 15. c4 Be7 16. Bd2 O-O 17. Bxa5 Qxa5 18. Nd2 Qxa4 19. Bxb3 {1/2-1/2  
(19) Tiviakov,S (2585)-Kortschnoj,V (2575) Tilburg 1992}) ({RR} 7... Na5 8. Bc2
c5 9. d4 cxd4 10. cxd4 Nc6 11. d5 Ne7 12. O-O Ng6 13. h3 Be7 14. Be3 O-O 15.
Nbd2 Nh5 16. Rfc1 Nhf4 17. Qf1 h6 18. a4 Bd7 19. a5 Rc8 20. Bd1 f5 21. Bc2 Rxc2
22. Rxc2 {Ljukin,S (2362)-Mushini,A (2256) chess.com INT 2023 0-1}) 8. O-O $146
({RR} 8. d4 h6 9. O-O Qe7 10. d5 Na5 11. Bc2 Bc8 12. a4 Bd7 13. Nbd2 Qd8 14.
axb5 axb5 15. Bd3 c6 16. dxc6 Bxc6 17. Bxb5 Rc8 18. b4 Nb7 19. Bxc6+ Rxc6 20.
Qb5 Qd7 21. Ra8+ Nd8 22. Bb2 Be7 {Porubszky Angyalosine,M (2175)-Engels,J
Zalakaros 1997 1-0}) ({RR} 8. Ng5 d5 9. exd5 Nxd5 10. d4 Be7 11. Qh5 g6 12. Qf3
Bxg5 13. Bxd5 O-O 14. Bxg5 Qxg5 15. O-O exd4 16. Bxc6 Bxc6 17. Qxc6 dxc3 18.
Nxc3 Rad8 19. Rad1 Rfe8 20. Ne4 {1-0 (20) Tsydypov,Z (2406)-Burueva,Y Russia
2014}) 8... Ne7 9. d3 Ng6 10. Rd1 Be7 11. Be3 O-O 12. Nbd2 Qc8 13. Nf1 c5 14.
Ng3 Qg4 15. h3 Qd7 16. Nh2 h6 17. Qf3 Nh7 18. Nf5 Bg5 19. Ng4 Bxe3 20. Qxe3 Nf4
21. Qg3 Ne2+ 22. Kh2 Nxg3 23. Nxg3 Bc8 24. Ne3 a5 25. Nd5 Qb7 26. Ne3 a4 27.
Bd5 Qa7 28. Bxa8 Qxa8 29. Nd5 Qb7 30. Re1 Be6 31. Ne3 b4 32. c4 Nf6 33. Nef5
Bxf5 34. Nxf5 Qd7 35. Re3 Kh7 36. Rg3 g6 37. Nh4 Nh5 38. Rf3 Rg8 39. Re1 f5 40.
exf5 gxf5 0-1

[Event "Floripa Chess Open 2024"]
[Site "Florianopolis"]
[Date "2024.01.22"]
[Round "4.198"]
[White "Mantovani, Helio Cardoso"]
[Black "Da Silva Junior, Jose Cacio"]
[Result "1-0"]
[WhiteElo "1382"]
[BlackElo "1139"]
[PlyCount "64"]
[EventDate "2024.01.20"]
[EventRounds "10"]
[EventCountry "BRA"]

1. e4 e5 2. Nc3 Nf6 3. g3 Bc5 4. Bg2 b6 5. Nge2 Bb7 6. d4 exd4 7. Nxd4 Bxd4
$146 ({RR} 7... Bb4 8. Bg5 d5 9. e5 Qe7 10. O-O Bxc3 11. bxc3 Qxe5 12. Re1 Ne4
13. Bf4 Qf6 14. f3 Qe7 15. Nf5 Qf6 16. fxe4 O-O 17. Qg4 g6 18. Nh6+ Kh8 19.
exd5 Bc8 20. Be5 Qxe5 21. Nxf7+ Kg7 22. Nxe5 {Gomez,J (1880)-Gaitan,O Cali
2011 1-0 (44)}) 8. Qxd4 Nc6 9. Qd1 Rb8 10. O-O O-O 11. Re1 Re8 12. Bg5 h6 13.
Bxf6 Qxf6 14. Rb1 d6 15. Nd5 Qd8 16. c3 a6 17. Qc2 Na5 18. Rbd1 Bxd5 19. exd5
Rxe1+ 20. Rxe1 Qd7 21. Bf1 b5 22. b3 Re8 23. Rxe8+ Qxe8 24. b4 Nb7 25. c4 c6
26. dxc6 Qxc6 27. Bg2 Qxc4 28. Qxc4 bxc4 29. Bxb7 c3 30. Be4 Kf8 31. Kf1 d5 32.
Bd3 a5 1-0

[Event "Floripa Chess Open 2024"]
[Site "Florianopolis"]
[Date "2024.01.22"]
[Round "4.199"]
[White "Esteves Neto, Antonio Francisco"]
[Black "Garcia Cruz, Luis Manuel"]
[Result "1-0"]
[WhiteElo "1800"]
[BlackElo "1381"]
[PlyCount "71"]
[EventDate "2024.01.20"]
[EventRounds "10"]
[EventCountry "BRA"]

1. e4 e5 2. Nf3 Nc6 3. Bc4 Bc5 4. d3 Nf6 5. Nc3 a6 6. Bg5 h6 7. Bh4 d6 ({RR} 
7... Be7 8. d4 exd4 9. Nxd4 d6 10. Nxc6 bxc6 11. O-O O-O 12. Re1 Nd7 13. Bxe7
Qxe7 14. f4 d5 15. Bd3 Qc5+ 16. Kh1 Nf6 17. Qf3 dxe4 18. Nxe4 Nxe4 19. Qxe4 g6
20. Qe7 Qd6 21. Re5 Rb8 22. b3 {Kravtsiv,M (2598)-Alonso Rosell,A (2566) chess.
com INT 2023 0-1 (35)}) 8. h3 ({RR} 8. Qd2 Bb4 9. a3 Bxc3 10. Qxc3 Bg4 11. Qb3
O-O 12. Qxb7 Na5 13. Qb4 Nxc4 14. Qxc4 Bxf3 15. gxf3 g5 16. Rg1 Kh7 17. Bg3 Nh5
18. O-O-O Qe7 19. d4 f6 20. Rd3 Ng7 21. h4 Ne6 22. hxg5 hxg5 {Novoselov,R  
(2279)-Zenin,D (2163) chess.com INT 2023 1-0 (41)}) 8... Na5 9. Nd5 $146 ({RR} 
9. Bb3 Nxb3 10. axb3 g5 11. Bg3 Qe7 12. Nh2 Be6 13. Qe2 O-O-O 14. Na4 Ba7 15.
c4 Nd7 16. f3 f5 17. Bf2 Bxf2+ 18. Kxf2 f4 19. Ke1 h5 20. Kd2 Nc5 21. Kc2 Bd7
22. Nc3 Ne6 23. Nd5 Nd4+ {Leosson,A (1759)-Olafsson,T (2254) Reykjavik 2014
0-1 (44)}) 9... g5 10. Nxf6+ Qxf6 11. Bg3 Nxc4 12. dxc4 Be6 13. Qd3 O-O-O 14.
O-O-O h5 15. h4 g4 16. Ng5 Bd7 17. f4 exf4 18. Rhf1 Be3+ 19. Qxe3 fxe3 20. Rxf6
Be6 21. Nxe6 fxe6 22. Rxe6 Rhf8 23. Re1 Rde8 24. Rxe8+ Rxe8 25. Rxe3 Kd7 26. e5
Kc6 27. Kd2 dxe5 28. Rxe5 Rxe5 29. Bxe5 Kc5 30. Bxc7 Kxc4 31. c3 Kd5 32. Kd3 b5
33. b3 Kc6 34. Ba5 Kc5 35. c4 b4 36. g3 1-0

[Event "Floripa Chess Open 2024"]
[Site "Florianopolis"]
[Date "2024.01.22"]
[Round "4.200"]
[White "Friedrich, Augusto Johannpeter"]
[Black "Gurski, Guilherme Rybu"]
[Result "1/2-1/2"]
[WhiteElo "1800"]
[BlackElo "1354"]
[PlyCount "81"]
[EventDate "2024.01.20"]
[EventRounds "10"]
[EventCountry "BRA"]

1. e4 c5 2. Nf3 d6 3. d4 cxd4 4. Nxd4 Nf6 5. Nc3 g6 6. Be3 Bg7 7. Qd2 Ng4 8.
Nb3 ({RR} 8. Be2 Nxe3 9. Qxe3 O-O 10. f4 a6 11. Nb3 Nc6 12. O-O-O Be6 13. Nd5
Bxd5 14. exd5 Na7 15. g4 Rc8 16. Qxa7 Qc7 17. Bd3 f5 18. gxf5 gxf5 19. Qf2 b5
20. Rhg1 Rce8 21. Rg5 Qd7 22. Rdg1 Rf7 {Oms Pallisse,J (2419)-Parra,E (2258)
Badalona 2000 1-0}) 8... Nxe3 9. Qxe3 O-O ({RR} 9... Nc6 10. Bc4 O-O 11. O-O
Ne5 12. Be2 Be6 13. Nd5 Bd7 14. c3 e6 15. Nb4 a5 16. Nc2 b5 17. Rad1 Qb8 18.
Nbd4 Nc4 19. Qc1 Re8 20. b3 Nb6 21. Qd2 d5 22. exd5 Nxd5 23. c4 bxc4 24. Bxc4 {
Fisher,M (1708)-Marx,I (1678) Bloemfontein 2016 1/2-1/2}) 10. h4 $146 ({RR} 10.
Bc4 Nc6 11. O-O-O Kh8 12. f3 Bd7 13. g4 Ne5 14. Be2 a5 15. a4 Qe8 16. Bb5 Bxb5
17. Nxb5 Qc6 18. Qe2 Nc4 19. c3 Bh6+ 20. Kb1 Rfc8 21. h4 Bf4 22. g5 Kg7 23.
Rdg1 Nb6 24. h5 Rh8 {Skalova,N (1288)-Hladka,J (1411) Frymburk 2002 1/2-1/2  
(46)}) 10... Nc6 11. h5 h6 12. hxg6 fxg6 13. Qg3 Kh7 14. Nd5 e5 15. f4 exf4 16.
Nxf4 Qf6 17. Nd3 Ne5 18. Nxe5 Qxe5 19. Qxe5 Bxe5 20. O-O-O Rf2 21. Kb1 Be6 22.
Rd2 Raf8 23. Rxf2 Rxf2 24. c3 Bg4 25. Nd4 Bxd4 26. cxd4 Be2 27. Bxe2 Rxe2 28.
Rc1 Rxe4 29. Rc7+ Kg8 30. Rxb7 Re1+ 31. Kc2 Re2+ 32. Kc3 Rxg2 33. Rxa7 h5 34.
b4 Rf2 35. Ra8+ Rf8 36. Rxf8+ Kxf8 37. Kd3 h4 38. Ke3 Ke7 39. Kf4 g5+ 40. Kg4
d5 41. a3 1/2-1/2

[Event "Floripa Chess Open 2024"]
[Site "Florianopolis"]
[Date "2024.01.22"]
[Round "4.202"]
[White "Fossatti, Igor Anton"]
[Black "Ferrari, Theo Schoroeder San"]
[Result "1-0"]
[WhiteElo "1340"]
[BlackElo "1800"]
[PlyCount "55"]
[EventDate "2024.01.20"]
[EventRounds "10"]
[EventCountry "BRA"]

1. e4 c5 2. Nf3 d6 3. d4 cxd4 4. Nxd4 Nf6 5. Nc3 g6 6. Be3 Bg7 7. f3 O-O 8. Qd2
Nc6 9. O-O-O d5 10. Nxc6 bxc6 11. exd5 cxd5 12. Nxd5 Nxd5 13. Qxd5 Qc7 14. Qc5
Qb7 15. Bd4 Bf5 16. Bc3 ({RR} 16. Bxg7 Rfc8 17. Qxc8+ Qxc8 18. Bc3 Qc5 19. Bd3
Bxd3 20. Rxd3 Qg5+ 21. Rd2 Rd8 22. Rhd1 Qe3 23. a4 f6 24. Kb1 Rxd2 25. Rxd2
Qg1+ 26. Ka2 Qxh2 27. b4 h5 28. b5 h4 29. Kb3 Qc7 30. Bb4 g5 {Bjerring,K (2350)
-Summerscale,A (2455) Groningen 1995 0-1 (47)}) 16... Bxc3 17. Qxc3 $146 ({RR} 
17. bxc3 Rab8 18. Qb4 Qc7 19. Qc4 Qb6 20. Kd2 Rfd8+ 21. Bd3 Bxd3 22. cxd3 Qf2+
{0-1 (22) Dagkonaki,A (1413)-Fasching,M (2029) Irakleio GRE 2019}) 17... Rfc8
18. Qe3 Rab8 19. Kd2 Qxb2 20. Rc1 Rd8+ 21. Ke1 Bxc2 22. Be2 Qxa2 23. Kf2 Bd3
24. Rhe1 Rb2 25. Rcd1 Rxe2+ 26. Rxe2 Qxe2+ 27. Qxe2 Bxe2 28. Rxd8+ 1-0

[Event "Floripa Chess Open 2024"]
[Site "Florianopolis"]
[Date "2024.01.22"]
[Round "4.203"]
[White "Zottis, Ernani"]
[Black "Turci, Vivian Da Silva"]
[Result "1-0"]
[WhiteElo "1335"]
[BlackElo "1800"]
[PlyCount "73"]
[EventDate "2024.01.20"]
[EventRounds "10"]
[EventCountry "BRA"]

1. e4 e5 2. Bc4 Nf6 3. Nc3 Bc5 4. d3 h6 5. a3 ({RR} 5. Nge2 c6 6. O-O O-O 7.
Bb3 Bb6 8. d4 d6 9. dxe5 dxe5 10. Be3 Nbd7 11. a4 Bxe3 12. fxe3 Nc5 13. Qxd8
Rxd8 14. Ng3 Nxb3 15. cxb3 a5 16. h3 Be6 17. Ra3 Nd7 18. Nge2 Nc5 19. Nc1 Rd2 {
Runic,Z (2427)-Savic,M (2518) Mionica 2006 0-1}) 5... d6 ({RR} 5... O-O 6. h3
c6 7. f4 exf4 8. Bxf4 b5 9. Ba2 Qb6 10. Nf3 Bf2+ 11. Ke2 Bd4 12. Nxd4 Qxd4 13.
Rf1 Re8 14. Be3 Qe5 15. Rf5 Qg3 16. Qf1 Qg6 17. Bd4 d5 18. Rf4 Qh5+ 19. Kd2 Qg6
20. Bxf6 {Macoun,J (1718)-Geibel,H (1446) Prague CZE 2021 1-0}) 6. Be3 $146 ({
RR} 6. h3 O-O 7. Qf3 Be6 8. Qg3 Nh5 9. Qf3 Nf4 10. Bxf4 exf4 11. Qxf4 Nc6 12.
O-O-O Qe7 13. h4 a6 14. Nh3 b5 15. Bb3 Bxb3 16. cxb3 b4 17. Qf5 bxc3 18. bxc3
Bxa3+ 19. Kb1 Rab8 20. Ng5 Rxb3+ {Muenster,Y-Hoffrogge,S Lingen 1999 0-1}) ({RR
} 6. Na4 Bb6 7. Nxb6 axb6 8. Ne2 O-O 9. O-O Nc6 10. f3 Be6 11. Be3 Qe7 12. Qe1
d5 13. exd5 Bxd5 14. Qc3 Qe6 15. Ng3 Na5 16. b3 Qe8 17. a4 Bc6 18. Rfe1 Nxc4
19. dxc4 Nd7 20. Bf4 f6 {Ollier,M (1873)-Pokee,A (1996) Pau 2008 1/2-1/2 (69)})
6... Bb6 7. Qd2 Be6 8. Ba2 Nbd7 9. O-O-O c6 10. f4 d5 11. exd5 cxd5 12. d4 e4
13. Qf2 Ng4 14. Qe1 Ndf6 15. h3 Nxe3 16. Qxe3 Rc8 17. Nge2 Qd6 18. g4 Ke7 19.
Ng3 Qc6 20. Rh2 Bxg4 21. Rf1 Ba5 22. Nxd5+ Nxd5 23. Qxe4+ Qe6 24. hxg4 Qxe4 25.
Nxe4 Ne3 26. Rg1 Bb6 27. c3 f5 28. gxf5 Nxf5 29. Re1 Nxd4 30. Rh5 Ne6 31. Nc5
Kd6 32. Rd5+ Kc7 33. Nxe6+ Kb8 34. Nxg7 Rh7 35. Nh5 Rf8 36. Rf1 Re7 37. Rd6 1-0